MARC details
| 000 -LEADER |
| fixed length control field |
02178cas a2200517 4500 |
| 001 - CONTROL NUMBER |
| control field |
11163188 |
| 003 - CONTROL NUMBER IDENTIFIER |
| control field |
OSt |
| 005 - DATE AND TIME OF LATEST TRANSACTION |
| control field |
20230620112740.0 |
| 008 - FIXED-LENGTH DATA ELEMENTS--GENERAL INFORMATION |
| fixed length control field |
751019d19711987nyuqx p 0 a0eng |
| 010 ## - LIBRARY OF CONGRESS CONTROL NUMBER |
| LC control number |
71026367 |
| 016 ## - NATIONAL BIBLIOGRAPHIC AGENCY CONTROL NUMBER |
| Record control number |
(AMICUS)000000089159 |
| 016 7# - NATIONAL BIBLIOGRAPHIC AGENCY CONTROL NUMBER |
| Record control number |
100968210 |
| Source |
DNLM |
| 016 7# - NATIONAL BIBLIOGRAPHIC AGENCY CONTROL NUMBER |
| Record control number |
009858741 |
| Source |
Uk |
| 022 0# - INTERNATIONAL STANDARD SERIAL NUMBER |
| International Standard Serial Number |
0012-8783 |
| ISSN-L |
0012-8783 |
| Source |
1 |
| 035 ## - SYSTEM CONTROL NUMBER |
| System control number |
(OCoLC)ocm01715704 |
| 037 ## - SOURCE OF ACQUISITION |
| Source of stock number/acquisition |
International Arts & Sciences Press, 901 N. Broadway, White Plains, NY 10603 |
| 040 ## - CATALOGING SOURCE |
| Original cataloging agency |
DLC |
| Language of cataloging |
eng |
| Transcribing agency |
MUL |
| Modifying agency |
COO |
| -- |
NSD |
| -- |
DLC |
| -- |
NSD |
| -- |
AIP |
| -- |
NST |
| -- |
NSD |
| -- |
CLU |
| -- |
DLC |
| -- |
NST |
| -- |
NSD |
| -- |
NST |
| -- |
IUL |
| -- |
NST |
| -- |
NLM |
| -- |
OCLCQ |
| -- |
LVB |
| -- |
OCLCQ |
| -- |
HUL |
| -- |
UKMGB |
| -- |
DLC |
| -- |
OCLCF |
| -- |
OCLCO |
| -- |
NLC |
| -- |
OCLCQ |
| -- |
PAU |
| -- |
OCLCQ |
| -- |
NJR |
| -- |
FUG |
| -- |
IL4J6 |
| 042 ## - AUTHENTICATION CODE |
| Authentication code |
nsdp |
| -- |
pcc |
| 050 00 - LIBRARY OF CONGRESS CALL NUMBER |
| Classification number |
JA1.A1 |
| Item number |
I59 |
| 082 04 - DEWEY DECIMAL CLASSIFICATION NUMBER |
| Classification number |
320 |
| Item number |
ABL |
| 210 0# - ABBREVIATED TITLE |
| Abbreviated title |
Int. j. polit. |
| 222 #0 - KEY TITLE |
| Key title |
International journal of politics |
| 245 00 - TITLE STATEMENT |
| Title |
International journal of politics. |
| 260 ## - PUBLICATION, DISTRIBUTION, ETC. (IMPRINT) |
| Place of publication, distribution, etc. |
[White Plains, N.Y.], |
| Name of publisher, distributor, etc. |
[International Arts and Sciences Press] |
| 300 ## - PHYSICAL DESCRIPTION |
| Extent |
volumes |
| Dimensions |
23 cm |
| 310 ## - CURRENT PUBLICATION FREQUENCY |
| Current publication frequency |
4 no. a year |
| 336 ## - CONTENT TYPE |
| Content type term |
text |
| Content type code |
txt |
| Source |
rdacontent |
| 337 ## - MEDIA TYPE |
| Media type term |
unmediated |
| Media type code |
n |
| Source |
rdamedia |
| 338 ## - CARRIER TYPE |
| Carrier type term |
volume |
| Carrier type code |
nc |
| Source |
rdacarrier |
| 362 0# - DATES OF PUBLICATION AND/OR SEQUENTIAL DESIGNATION |
| Dates of publication and/or sequential designation |
v. 1-16; spring 1971-winter 1986/87. |
| 500 ## - GENERAL NOTE |
| General note |
"A journal of translations." |
| 520 ## - SUMMARY, ETC. |
| Summary, etc. |
Contains translations of material that has appeared originally in scholarly journals, books, and legal documents throughout the world. |
| 530 ## - ADDITIONAL PHYSICAL FORM AVAILABLE NOTE |
| Additional physical form available note |
Also issued online. |
| 590 ## - LOCAL NOTE (RLIN) |
| Local note |
SERBIB/SERLOC merged record |
| 650 #0 - SUBJECT ADDED ENTRY--TOPICAL TERM |
| Topical term or geographic name as entry element |
Political science |
| Form subdivision |
Periodicals. |
| 650 #6 - SUBJECT ADDED ENTRY--TOPICAL TERM |
| Topical term or geographic name as entry element |
Science politique |
| Form subdivision |
Périodiques. |
| 650 #7 - SUBJECT ADDED ENTRY--TOPICAL TERM |
| Topical term or geographic name as entry element |
Political science. |
| Source of heading or term |
fast |
| Authority record control number |
(OCoLC)fst01069781 |
| 650 #7 - SUBJECT ADDED ENTRY--TOPICAL TERM |
| Topical term or geographic name as entry element |
Political science |
| Form subdivision |
Periodicals. |
| Source of heading or term |
nli |
| 655 #7 - INDEX TERM--GENRE/FORM |
| Genre/form data or focus term |
Periodicals. |
| Source of term |
fast |
| Authority record control number |
(OCoLC)fst01411641 |
| 655 #7 - INDEX TERM--GENRE/FORM |
| Genre/form data or focus term |
Periodicals. |
| Source of term |
lcgft |
| 776 08 - ADDITIONAL PHYSICAL FORM ENTRY |
| Relationship information |
Online version: |
| Title |
International journal of politics (Online) |
| International Standard Serial Number |
2327-607X |
| Record control number |
(DLC) 2011235392 |
| -- |
(OCoLC)567905712 |
| 785 00 - SUCCEEDING ENTRY |
| Title |
International journal of political economy |
| International Standard Serial Number |
0891-1916 |
| Record control number |
(DLC) 87644162 |
| -- |
(OCoLC)14639715 |
| 906 ## - LOCAL DATA ELEMENT F, LDF (RLIN) |
| a |
7 |
| b |
cbc |
| c |
serials |
| d |
3 |
| e |
ncip |
| f |
19 |
| g |
n-oclcserc |
| 942 ## - ADDED ENTRY ELEMENTS (KOHA) |
| Source of classification or shelving scheme |
Dewey Decimal Classification |
| Koha item type |
Books |